South Eastern Kenya University

Library Online Public Access Catalogue


Experiencing music technology : (Record no. 11969)

MARC details
000 -LEADER
fixed length control field 00880pam a22002534a 4500
001 - CONTROL NUMBER
control field 3563486
003 - CONTROL NUMBER IDENTIFIER
control field OSt
005 - DATE AND TIME OF LATEST TRANSACTION
control field 20160310103443.0
008 - FIXED-LENGTH DATA ELEMENTS--GENERAL INFORMATION
fixed length control field 981125s1999 nyua b 001 0 eng
010 ## - LIBRARY OF CONGRESS CONTROL NUMBER
LC control number 98054076
020 ## - INTERNATIONAL STANDARD BOOK NUMBER
International Standard Book Number 0028653246 (pbk.)
040 ## - CATALOGING SOURCE
Original cataloging agency SEKU
050 00 - LIBRARY OF CONGRESS CALL NUMBER
Classification number ML 74
Item number .W5
100 1# - MAIN ENTRY--PERSONAL NAME
Personal name Williams, David Brian.
245 10 - TITLE STATEMENT
Title Experiencing music technology :
Remainder of title software, data, and hardware /
Statement of responsibility, etc. David Brian Williams and Peter Richard Webster.
250 ## - EDITION STATEMENT
Edition statement 2nd ed.
260 ## - PUBLICATION, DISTRIBUTION, ETC. (IMPRINT)
Place of publication, distribution, etc. New York :
Name of publisher, distributor, etc. Schirmer Books,
Date of publication, distribution, etc. 1999.
300 ## - PHYSICAL DESCRIPTION
Extent 639 p. :
Other physical details ill. ;
504 ## - BIBLIOGRAPHY, ETC. NOTE
Bibliography, etc Includes bibliographical references and index.
530 ## - ADDITIONAL PHYSICAL FORM AVAILABLE NOTE
Additional physical form available note System requirements for accompanying computer disc: Macintosh; System 7.0 or better; or IBM-compatible PC; Windows 95 or better.
650 #0 - SUBJECT ADDED ENTRY--TOPICAL TERM
Topical term or geographic name as entry element Music
General subdivision Data processing.
700 1# - ADDED ENTRY--PERSONAL NAME
Personal name Webster, Peter Richard,
Dates associated with a name 1947-
942 ## - ADDED ENTRY ELEMENTS (KOHA)
Source of classification or shelving scheme Library of Congress Classification
Koha item type General circulation
Holdings
Withdrawn status Lost status Source of classification or shelving scheme Damaged status Not for loan Home library Current library Shelving location Date acquired Source of acquisition Total Checkouts Full call number Barcode Date last seen Price effective from Koha item type Public note
    Library of Congress Classification     Mtito Andei Centre Library Mtito Andei Centre Library General Stacks 10/03/2016 Donations - Books for Africa   ML 74 .W5 2016/014562 10/03/2016 10/03/2016 General circulation 3kwa
Kitui, Kenya.
+254736116989
library@seku.ac.ke